Statistiche per Top 5 Australia’s Eurovision entries

Clicka qui per fare il quiz!

Statistiche generali

  • Questo quiz è stato fatto 4 volte
  • Il punteggio medio è 3 su 5

Statistiche sulle risposte

HintRisposta% Corretto
9º (151 pt.)Promise (2023)
100%
Sound of Silence (2016)
75%
9º (173 pt.)Don’t Come Easy (2016)
50%
9º (284 pt.)Zero Gravity (2019)
50%
Tonight Again (2015)
25%

Distribuzione punteggi

Percentile per numero di risposta

Percentuale di utenti per punteggio

I tuoi punteggi nel tempo

Non hai fatto questo quiz